Statystyki dla Polskie Marki Maszyn Rolniczych

Kliknij tutaj aby rozwiązać quiz!

Ogólne statystyki

  • Ten quiz został rozwiązany 163 razy
  • Średni wynik to 4 z 10

Statystyki odpowiedzi

HintOdpowiedź% Poprawnych
Polska legendaUrsus
99%
Kiedyś miała w nazwie GrudziądzUnia
71%
Stare przyczepyAutosan
58%
Kiedyś produkowała ciągnikiPronar
54%
Jest liderem wśród maszyn zielonkowychSaMasz
43%
Ma podobną nazwę do pozycji wyżejMetalfach
30%
Słynie z opryskiwaczyKrukowiak
29%
Produkuje zielone przyczepyMetaltech
29%
Maszyny produkowane w ...SłupskFamarol
15%
Mało znana firma produkująca kultywatory,włóki itd.Agro-Factory
3%

Rozkład punktacji

Percentyl według liczby udzielonych odpowiedzi

Procent ludzi z każdym wynikiem

Twoja historia wyników

Nie rozwiązałeś tego quizu